Advertising : (Record no. 5767)

MARC details
000 -LEADER
fixed length control field 00711nam a22002297i 4500
003 - CONTROL NUMBER IDENTIFIER
control field URS
005 - DATE AND TIME OF LATEST TRANSACTION
control field 20220117150739.0
008 - FIXED-LENGTH DATA ELEMENTS--GENERAL INFORMATION
fixed length control field 160329b xxu||||| |||| 00| 0 eng d
020 ## - INTERNATIONAL STANDARD BOOK NUMBER
International Standard Book Number 9789712730092
040 ## - CATALOGING SOURCE
Language of cataloging eng
Transcribing agency URS
Description conventions rda
050 14 - LIBRARY OF CONGRESS CALL NUMBER
Classification number HF5808.P6
Item number L6161 2014
100 1# - MAIN ENTRY--PERSONAL NAME
Personal name Harris, Tony
Relator term author.
245 10 - TITLE STATEMENT
Title Advertising :
Remainder of title more fun in the Philippines /
Statement of responsibility, etc. Tony Harris
264 #1 - PRODUCTION, PUBLICATION, DISTRIBUTION, MANUFACTURE, AND COPYRIGHT NOTICE
Place of production, publication, distribution, manufacture Mandaluyong City :
Name of producer, publisher, distributor, manufacturer Anvil Publishing,
Date of production, publication, distribution, manufacture, or copyright notice [2014]
264 ## - PRODUCTION, PUBLICATION, DISTRIBUTION, MANUFACTURE, AND COPYRIGHT NOTICE
Date of production, publication, distribution, manufacture, or copyright notice ©2014
300 ## - PHYSICAL DESCRIPTION
Extent x, 171 pages, 18 pages of unnumbered plates :
Other physical details colour illustrations ;
Dimensions 23 cm
336 ## - CONTENT TYPE
Source rdacontent
Content type term text
337 ## - MEDIA TYPE
Source rdamedia
Media type term unmediated
338 ## - CARRIER TYPE
Source rdacarrier
Carrier type term volume
650 #0 - SUBJECT ADDED ENTRY--TOPICAL TERM
Topical term or geographic name entry element Advertising
Geographic subdivision Philippines
942 ## - ADDED ENTRY ELEMENTS (KOHA)
Source of classification or shelving scheme Library of Congress Classification
Koha item type Filipiniana
Holdings
Withdrawn status Source of classification or shelving scheme Damaged status Not for loan Collection code Home library Current library Shelving location Date acquired Source of acquisition Cost, normal purchase price Total Checkouts Full call number Barcode Date last seen Copy number Price effective from Koha item type
  Library of Congress Classification     Non-fiction Tanay College Library Tanay College Library General Stacks 03/29/2016 Purchase 325.00   HF5808.P6 L6161 2014 URSTAN-N2153 03/24/2017 1 03/29/2016 Filipiniana
  Library of Congress Classification     Non-fiction Tanay College Library Tanay College Library General Stacks 03/29/2016 Purchase 325.00   HF5808.P6 L6161 2014 URSTAN-N2169 03/24/2017 2 03/29/2016 Filipiniana

University of Rizal System
Email us at univlibservices@urs.edu.ph

Visit our Website www.urs.edu.ph/library